000 00763nam a22002417a 4500
003 UA-OsUOA
001 73933
007 ta
008 20110323b un ||||| |||| 00| 0 ukr d
100 _aГловацький І.Ю.
090 _a347.965(075.8)
_bГ54
942 _cBK
040 _aUA-OsUOA
_bukr
_cUA-OsUOA
_dUA-OsUOA
245 _aАдвокатура зарубіжних країн (Англія. Німеччина. Франція)
_bНавчально-практичний посібник.
300 _a588 с.
955 _a2
041 _aukr
080 _a347.965(075.8)
020 _a978-966-326-259-8
260 _aК.
_bАтіка
_c2007
650 7 _a347 Цивільне право. Судовий устрій
_2UDC
999 _c360221
_d360221